| 000 | 01104nac a22003017a 4500 | ||
|---|---|---|---|
| 001 | BR8205089 | ||
| 003 | BR-BrBNA | ||
| 005 | 20240105115501.0 | ||
| 008 | 230509b bl.|||m| |||| 00| 0 por d | ||
| 040 |
_aBR-BrBNA _bpor _cBiblioteca Nacional de Agricultura |
||
| 072 | _aF00 | ||
| 090 | _a0230 BR8205089 | ||
| 100 | 1 | _aBassinello, A.I. | |
| 100 | 1 | _aStolf, R. | |
| 100 | 1 | _aLima Filho, S.A. de | |
| 110 | 1 | _aPrograma Nacional de Melhoramento da Cana-de-Acucar, Araras, SP (Brasil). Coordenadoria Regional Sul | |
| 245 | 1 | _aA cana de ano: vantagens e desvantagens; O cultivo minimo para plantio da cana-de-acucar; A rotacao de culturas com a cana-de-acucar [Saccharum officinarum] | |
| 260 | 3 |
_aAraras, SP (Brasil): _c1982. |
|
| 300 | _a16 p. | ||
| 490 |
_aBoletim ao Produtor - Programa Nacional de Melhoramento da Cana-de-Acucar. Coordenadoria Regional Sul (Brazil) _vno. 3 _x |
||
| 650 | _aCANA DE ACUCAR | ||
| 650 | _aPLANTIO | ||
| 650 | _aVARIEDADE | ||
| 650 | _aSOCA | ||
| 650 | _aROTACAO DE CULTURA | ||
| 909 |
_a202312 _bLúcia Elande _c55 _dLúcia Elande |
||
| 942 |
_2AGRIS _n0 _cMS |
||
| 999 |
_c275018 _d275018 |
||